[Event "AUT-chT2W 1314"]
[Site "Austria"]
[Date "2013.10.20"]
[Round "3.2"]
[White "Kleissl, Helmut"]
[Black "Fuchs, Georg"]
[Result "1/2-1/2"]
[WhiteElo "2275"]
[BlackElo "2228"]
[PlyCount "89"]
[EventDate "2013.10.18"]
[EventType "team-tourn"]
[EventRounds "11"]
[EventCountry "AUT"]
[SourceTitle "EXT 2014"]
[Source "ChessBase"]
[SourceDate "2013.11.20"]
[SourceVersion "1"]
[SourceVersionDate "2013.11.20"]
[SourceQuality "1"]
[WhiteTeam "Zillertal"]
[BlackTeam "Schwaz"]
[WhiteTeamCountry "AUT"]
[BlackTeamCountry "AUT"]

1. c4 e5 2. g3 Nf6 3. Bg2 d5 4. cxd5 Nxd5 5. Nc3 Be6 6. Nf3 Nc6 7. 0-0 Nb6 8. a3 Be7 9. b4 0-0 10. Rb1 a6 11. a4 Bf5 12. b5 axb5 13. axb5 Na5 14. d3 f6 15. Be3 Be6 16. Qc2 Nd5 17. Nxd5 Bxd5 18. Rfc1 c6 19. bxc6 Nxc6 20. Bc5 Ra2 21. Bxe7 Nxe7 22. Rb2 Rxb2 23. Qxb2 Qa5 24. Nd2 Bxg2 25. Kxg2 b5 26. Qb3+ Kh8 27. Ne4 b4 28. Qe6 Ng6 29. Nd6 h6 30. h4 Qa7 31. h5 Ne7 32. e4 Rb8 33. Qf7 b3 34. Ne8 Nc6 35. Qf8+ Kh7 36. Rxc6 b2 37. Rxf6 Rxe8 38. Qxe8 gxf6 39. Qg6+ Kh8 40. Qxh6+ Kg8 41. Qg6+ Kh8 42. Qe8+ Kg7 43. Qb5 Qa1 44. Qb7+ Kf8 45. Qc8+ 1/2-1/2

[Event "AUT-chT2W 1213"]
[Site "Austria"]
[Date "2012.12.01"]
[Round "5.4"]
[White "Kleissl, Helmut"]
[Black "Scheiblmaier, Robert"]
[Result "0-1"]
[WhiteElo "2290"]
[BlackElo "2135"]
[PlyCount "118"]
[EventDate "2012.10.05"]
[EventType "team-tourn"]
[EventRounds "11"]
[EventCountry "AUT"]
[SourceTitle "EXT 2014"]
[Source "ChessBase"]
[SourceDate "2013.11.20"]
[SourceVersion "1"]
[SourceVersionDate "2013.11.20"]
[SourceQuality "1"]
[WhiteTeam "Zillertal"]
[BlackTeam "ASK"]
[WhiteTeamCountry "AUT"]
[BlackTeamCountry "AUT"]

1. Nf3 d5 2. c4 e6 3. g3 Nf6 4. Bg2 c5 5. 0-0 Nc6 6. b3 Be7 7. e3 0-0 8. Qe2 b6 9. Rd1 Bb7 10. Bb2 dxc4 11. bxc4 Qc7 12. Ne1 Rfd8 13. g4 Na5 14. d3 Bxg2 15. Kxg2 Qb7+ 16. Kg1 Ne8 17. Nc3 a6 18. a4 Bf6 19. Rab1 Qc7 20. Ne4 Bxb2 21. Qxb2 Rab8 22. Ng2 Qd7 23. Qc2 Nc6 24. Qe2 Nd6 25. Nc3 Qe7 26. f4 f5 27. gxf5 Nxf5 28. Ne4 Nb4 29. Ne1 Rd7 30. Nf3 Nc6 31. Kh1 h6 32. Rg1 Kh8 33. Rg6 Qe8 34. Rbg1 Rbd8 35. Nf2 Kh7 36. R6g4 e5 37. fxe5 Nxe5 38. Re4 Re7 39. Nxe5 Rxe5 40. Qg4 g5 41. Qf3 Qe6 42. Rxe5 Qxe5 43. Ng4 Qe6 44. Rf1 Rf8 45. e4 Ng3+ 46. Qxg3 Rxf1+ 47. Kg2 Rf4 48. Ne3 Qe5 49. Qe1 Qb2+ 50. Kg3 h5 51. Nf5 Rg4+ 52. Kf3 Qg2+ 53. Ke3 Qh3+ 54. Kd2 Qxh2+ 55. Kc3 Qe5+ 56. Kb3 Rg2 57. Qc1 h4 58. a5 bxa5 59. Qb1 Qb8+ 0-1

[Event "AUT-chT2W 1213"]
[Site "Austria"]
[Date "2012.10.05"]
[Round "1.4"]
[White "Koepke, Elena"]
[Black "Kleissl, Helmut"]
[Result "1-0"]
[WhiteElo "2313"]
[BlackElo "2290"]
[PlyCount "79"]
[EventDate "2012.10.05"]
[EventType "team-tourn"]
[EventRounds "11"]
[EventCountry "AUT"]
[SourceTitle "EXT 2013"]
[Source "ChessBase"]
[SourceDate "2012.11.22"]
[SourceVersion "1"]
[SourceVersionDate "2012.11.22"]
[SourceQuality "1"]
[WhiteTeam "Kufstein/Woergl"]
[BlackTeam "Zillertal"]
[WhiteTeamCountry "AUT"]
[BlackTeamCountry "AUT"]

1. e4 g6 2. d4 Bg7 3. Nc3 d6 4. f4 a6 5. Nf3 b5 6. Bd3 b4 7. Ne2 Bb7 8. 0-0 Nd7 9. e5 e6 10. Qe1 c5 11. exd6 Ngf6 12. dxc5 Qa5 13. Be3 Nxc5 14. a3 Nxd3 15. cxd3 Qd5 16. axb4 0-0 17. Nc3 Qxd6 18. Bc5 Qxd3 19. Bxf8 Rxf8 20. Qe2 Qd6 21. b5 axb5 22. Qxb5 Rb8 23. Qe2 Qxf4 24. Qe5 Nd5 25. Qxf4 Nxf4 26. Ra2 Nd5 27. Ra3 Nxc3 28. bxc3 Bd5 29. h3 h6 30. Rc1 Rc8 31. Kf2 h5 32. Rc2 Be4 33. Rc1 Bd5 34. Ke1 Bf6 35. Ke2 Rc4 36. Kd3 e5 37. Ke2 e4 38. Nd2 Rc5 39. Ra4 e3 40. Nf3 1-0

[Event "AUT-chT2W 1112"]
[Site "Austria"]
[Date "2012.01.29"]
[Round "8.4"]
[White "Kleissl, Helmut"]
[Black "Matt, Fabian"]
[Result "0-1"]
[WhiteElo "2306"]
[BlackElo "2180"]
[PlyCount "82"]
[EventDate "2011.10.07"]
[EventType "team-tourn"]
[EventRounds "11"]
[EventCountry "AUT"]
[SourceTitle "EXT 2013"]
[Source "ChessBase"]
[SourceDate "2012.11.22"]
[SourceVersion "1"]
[SourceVersionDate "2012.11.22"]
[SourceQuality "1"]
[WhiteTeam "Zillertal"]
[BlackTeam "Bregenz"]
[WhiteTeamCountry "AUT"]
[BlackTeamCountry "AUT"]

1. Nf3 Nf6 2. c4 b6 3. g3 Bb7 4. Bg2 e6 5. 0-0 Be7 6. Nc3 0-0 7. d4 Ne4 8. Bd2 f5 9. Qc2 Nxc3 10. Bxc3 Be4 11. Qb3 Bf6 12. Rac1 Re8 13. Rfd1 a5 14. a4 d6 15. c5 Bd5 16. Qa3 dxc5 17. dxc5 Be7 18. Qa1 Bxc5 19. b4 axb4 20. Bxg7 Qd7 21. Bh6 Rxa4 22. Qe5 Bd6 23. Qe3 Qe7 24. Bg5 Qf7 25. Ne5 Bxe5 26. Qxe5 c6 27. f3 Nd7 28. Qc7 Ra2 29. Bd2 Nc5 30. Qxb6 Nb3 31. Qxb4 Qa7+ 32. Kf1 Rxd2 33. Rxd2 Nxc1 34. Rb2 Qe3 35. Bh3 Nb3 36. Kg2 Nd4 37. Qc5 Bxf3+ 38. exf3 Qxf3+ 39. Kg1 Ne2+ 40. Rxe2 Qxe2 41. Qc1 Qe5 0-1

[Event "AUT-chT2W 1112"]
[Site "Austria"]
[Date "2011.11.05"]
[Round "5.4"]
[White "Hoellrigl, Wilfried"]
[Black "Kleissl, Helmut"]
[Result "0-1"]
[WhiteElo "2186"]
[BlackElo "2306"]
[PlyCount "104"]
[EventDate "2011.10.07"]
[EventType "team-tourn"]
[EventRounds "11"]
[EventCountry "AUT"]
[SourceTitle "EXT 2012"]
[Source "ChessBase"]
[SourceDate "2011.11.24"]
[SourceVersion "1"]
[SourceVersionDate "2011.11.24"]
[SourceQuality "1"]
[WhiteTeam "Jenbach II"]
[BlackTeam "Zillertal"]
[WhiteTeamCountry "AUT"]
[BlackTeamCountry "AUT"]

1. e4 g6 2. d4 Bg7 3. Nc3 d6 4. Be3 a6 5. a4 Nf6 6. h3 0-0 7. Nf3 b6 8. Bc4 e6 9. 0-0 Bb7 10. d5 exd5 11. exd5 Re8 12. Nd4 Ne4 13. Nxe4 Rxe4 14. c3 Nd7 15. Qf3 Re8 16. Ba2 Qh4 17. Rae1 Nc5 18. a5 bxa5 19. Nc6 Nd3 20. Re2 Ne5 21. Nxe5 Rxe5 22. Rfe1 Rae8 23. c4 Qe7 24. Bb3 Bc8 25. Ba4 Bd7 26. Bc2 Qh4 27. Bd3 Bf5 28. Bxf5 gxf5 29. c5 Qc4 30. cxd6 cxd6 31. Rd1 Qe4 32. Qxe4 Rxe4 33. Rc2 f4 34. Bb6 a4 35. Rd3 Rb4 36. Bc7 Re1+ 37. Kh2 Be5 38. Ba5 Ree4 39. Bxb4 Rxb4 40. Rdd2 a5 41. Kg1 Kg7 42. Kf1 Kf6 43. Ke2 Kf5 44. Kd1 h5 45. Kc1 h4 46. Rc7 f6 47. f3 Bd4 48. Re2 Be3+ 49. Kc2 Ke5 50. Rh7 Kd4 51. Kd1 Rb5 52. Rxh4 a3 0-1

[Event "AUT-chT2W 0910"]
[Site "Austria"]
[Date "2010.01.31"]
[Round "8.4"]
[White "Kleissl, Helmut"]
[Black "Scheffknecht, Philipp"]
[Result "1-0"]
[WhiteElo "2271"]
[BlackElo "2163"]
[PlyCount "77"]
[EventDate "2009.10.23"]
[EventType "team-tourn"]
[EventRounds "11"]
[EventCountry "AUT"]
[SourceTitle "EXT 2011"]
[Source "ChessBase"]
[SourceDate "2010.11.26"]
[SourceVersion "1"]
[SourceVersionDate "2010.11.26"]
[SourceQuality "1"]
[WhiteTeam "Jenbach II"]
[BlackTeam "Goetzis"]
[WhiteTeamCountry "AUT"]
[BlackTeamCountry "AUT"]

1. Nf3 d5 2. d4 Bf5 3. c4 e6 4. cxd5 exd5 5. Bg5 Be7 6. Bxe7 Nxe7 7. Nc3 Nbc6 8. e3 0-0 9. Bd3 Re8 10. 0-0 Qd7 11. Rc1 Rad8 12. Na4 Bxd3 13. Nc5 Qg4 14. Nxd3 Ng6 15. b4 a6 16. a4 Re7 17. Nc5 Nxb4 18. Nxb7 Rb8 19. Na5 Rb6 20. Qd2 Qd7 21. Ra1 Nc6 22. Rfc1 Re6 23. Rc5 Nge7 24. Rac1 Rg6 25. g3 Qg4 26. Nxc6 Nxc6 27. a5 Nxa5 28. Ne5 Nb3 29. Rxc7 h5 30. Qc2 Qe4 31. Rc8+ Kh7 32. Nxf7 Rg4 33. Rh8+ Kg6 34. Ne5+ Kf5 35. Qc8+ Re6 36. Rf8+ Kg5 37. Qxe6 Nxc1 38. f4+ Rxf4 39. exf4+ 1-0

[Event "AUT-chT2W 0910"]
[Site "Austria"]
[Date "2010.01.30"]
[Round "7.3"]
[White "Pitl, Gregory"]
[Black "Kleissl, Helmut"]
[Result "1-0"]
[WhiteElo "2405"]
[BlackElo "2271"]
[PlyCount "53"]
[EventDate "2009.10.23"]
[EventType "team-tourn"]
[EventRounds "11"]
[EventCountry "AUT"]
[SourceTitle "EXT 2011"]
[Source "ChessBase"]
[SourceDate "2010.11.26"]
[SourceVersion "1"]
[SourceVersionDate "2010.11.26"]
[SourceQuality "1"]
[WhiteTeam "Salzburg Sued"]
[BlackTeam "Jenbach II"]
[WhiteTeamCountry "AUT"]
[BlackTeamCountry "AUT"]

1. d4 d6 2. e4 Nf6 3. Nc3 Nbd7 4. g4 h6 5. Be3 e5 6. f3 c6 7. Qd2 exd4 8. Bxd4 b5 9. 0-0-0 Be7 10. Kb1 a5 11. h4 a4 12. Nh3 b4 13. Ne2 b3 14. g5 Nh5 15. f4 Nb6 16. Qc3 bxc2+ 17. Qxc2 Qc7 18. Rg1 Bxh3 19. Bxh3 hxg5 20. hxg5 c5 21. e5 Ra7 22. exd6 Bxd6 23. Bc3 0-0 24. Bg4 Nxf4 25. Nxf4 Bxf4 26. Rh1 f5 27. gxf6 1-0

[Event "AUT-chT2W 0910"]
[Site "Austria"]
[Date "2009.10.24"]
[Round "2.4"]
[White "Hengl, Christian"]
[Black "Kleissl, Helmut"]
[Result "1/2-1/2"]
[WhiteElo "2225"]
[BlackElo "2271"]
[PlyCount "67"]
[EventDate "2009.10.23"]
[EventType "team-tourn"]
[EventRounds "11"]
[EventCountry "AUT"]
[SourceTitle "CBM 133 Extra"]
[Source "ChessBase"]
[SourceDate "2010.01.05"]
[SourceVersion "1"]
[SourceVersionDate "2010.01.05"]
[SourceQuality "1"]
[WhiteTeam "Rochade Rum"]
[BlackTeam "Jenbach II"]
[WhiteTeamCountry "AUT"]
[BlackTeamCountry "AUT"]

1. e4 d6 2. f4 d5 3. d3 dxe4 4. dxe4 Qxd1+ 5. Kxd1 Nc6 6. c3 Nf6 7. Bd3 g5 8. Nf3 Ng4 9. Ke2 gxf4 10. Bxf4 e5 11. Bg3 Rg8 12. Nbd2 Be6 13. Bc4 Bxc4+ 14. Nxc4 Nf6 15. Nfxe5 Nxe5 16. Bxe5 Nxe4 17. Rad1 b5 18. Ne3 Nd6 19. Rhf1 0-0-0 20. Bxd6 Bxd6 21. Rxf7 h5 22. Rd5 Rde8 23. Kd3 Bxh2 24. Rxh5 Bg1 25. Nd5 Rg3+ 26. Kc2 Rxg2+ 27. Kb3 Bh2 28. Nxc7 Bxc7 29. Rc5 Ree2 30. Rcxc7+ Kd8 31. Kb4 Re4+ 32. c4 Rxb2+ 33. Kc3 Rxa2 34. cxb5 1/2-1/2

[Event "AUT-ch"]
[Site "Jenbach"]
[Date "2009.08.02"]
[Round "9"]
[White "Kleissl, Helmut"]
[Black "Ragger, Markus"]
[Result "1/2-1/2"]
[WhiteElo "2271"]
[BlackElo "2563"]
[PlyCount "22"]
[EventDate "2009.07.25"]
[EventType "swiss"]
[EventRounds "9"]
[EventCountry "AUT"]
[SourceTitle "CBM 131 Extra"]
[Source "ChessBase"]
[SourceDate "2009.09.03"]
[SourceVersion "2"]
[SourceVersionDate "2009.09.16"]
[SourceQuality "1"]

1. Nf3 Nf6 2. c4 g6 3. g3 Bg7 4. Bg2 0-0 5. 0-0 c6 6. d4 d5 7. cxd5 cxd5 8. Ne5 Ng4 9. Nf3 Nf6 10. Ne5 Ng4 11. Nf3 Nf6 1/2-1/2

[Event "AUT-ch"]
[Site "Jenbach"]
[Date "2009.07.31"]
[Round "7"]
[White "Kleissl, Helmut"]
[Black "Neubauer, Martin"]
[Result "1-0"]
[WhiteElo "2271"]
[BlackElo "2443"]
[PlyCount "39"]
[EventDate "2009.07.25"]
[EventType "swiss"]
[EventRounds "9"]
[EventCountry "AUT"]
[SourceTitle "CBM 131 Extra"]
[Source "ChessBase"]
[SourceDate "2009.09.03"]
[SourceVersion "2"]
[SourceVersionDate "2009.09.16"]
[SourceQuality "1"]

1. Nf3 g6 2. c4 Bg7 3. d4 Nf6 4. g3 0-0 5. Bg2 c5 6. 0-0 cxd4 7. Nxd4 d5 8. cxd5 Nxd5 9. Nc3 Nxc3 10. bxc3 Qa5 11. Bd2 Nd7 12. Qc1 Nb6 13. Bh6 Rb8 14. Bxg7 Kxg7 15. Qe3 Re8 16. Nb3 Qf5 17. c4 Qe6 18. Qf4 Bd7 19. c5 Nc4 20. Qd4+ 1-0

[Event "AUT-chT2W 0809"]
[Site "Austria"]
[Date "2009.03.06"]
[Round "9.3"]
[White "Kleissl, Helmut"]
[Black "Poettinger, Harald"]
[Result "1/2-1/2"]
[WhiteElo "2281"]
[BlackElo "2207"]
[PlyCount "49"]
[EventDate "2008.10.17"]
[EventType "team-tourn"]
[EventRounds "11"]
[EventCountry "AUT"]
[SourceTitle "EXT 2010"]
[Source "ChessBase"]
[SourceDate "2010.11.25"]
[SourceVersion "1"]
[SourceVersionDate "2010.11.25"]
[SourceQuality "1"]
[WhiteTeam "Jenbach II"]
[BlackTeam "Bregenz"]
[WhiteTeamCountry "AUT"]
[BlackTeamCountry "AUT"]

1. Nf3 d5 2. d4 Nf6 3. c4 c6 4. Nc3 a6 5. c5 Nbd7 6. Bf4 Nh5 7. e3 g6 8. Bd3 Bg7 9. 0-0 0-0 10. Qc2 Nxf4 11. exf4 Qc7 12. g3 Re8 13. Rfe1 f6 14. Na4 e5 15. fxe5 fxe5 16. Bxg6 hxg6 17. Qxg6 Re7 18. Nb6 Rb8 19. Qg5 Nf8 20. Nxe5 Ne6 21. Qg6 Nxd4 22. Ned7 Nf3+ 23. Kh1 Nxe1 24. Nf6+ Kf8 25. Nh7+ 1/2-1/2

[Event "AUT-chT2W 0809"]
[Site "Austria"]
[Date "2009.01.17"]
[Round "7.4"]
[White "Kleissl, Helmut"]
[Black "Durakovic, Alman"]
[Result "1/2-1/2"]
[WhiteElo "2281"]
[BlackElo "2151"]
[PlyCount "84"]
[EventDate "2008.10.17"]
[EventType "team-tourn"]
[EventRounds "11"]
[EventCountry "AUT"]
[SourceTitle "EXT 2010"]
[Source "ChessBase"]
[SourceDate "2010.11.25"]
[SourceVersion "1"]
[SourceVersionDate "2010.11.25"]
[SourceQuality "1"]
[WhiteTeam "Jenbach II"]
[BlackTeam "Salzburg Sued"]
[WhiteTeamCountry "AUT"]
[BlackTeamCountry "AUT"]

1. Nf3 Nf6 2. c4 e6 3. Nc3 c5 4. g3 b6 5. Bg2 Bb7 6. 0-0 Be7 7. Re1 0-0 8. e4 d6 9. d4 cxd4 10. Nxd4 Qc8 11. Be3 Nc6 12. Nxc6 Bxc6 13. Rc1 Qb7 14. Bf4 Rfd8 15. b4 Qd7 16. Qe2 Rac8 17. Red1 Qe8 18. a3 h6 19. Re1 Ba8 20. Nb5 e5 21. Bd2 a6 22. Nc3 Bc6 23. Nd5 b5 24. Nxf6+ Bxf6 25. c5 dxc5 26. Rxc5 Qd7 27. Be3 Bb7 28. Rec1 Rxc5 29. bxc5 Bc6 30. Qh5 Qe6 31. h4 Qb3 32. Qf5 Rd1+ 33. Bf1 Bd7 34. Qh5 Rxc1 35. Bxc1 Qc2 36. Be3 Bc6 37. Bg2 Bxe4 38. Qg4 Bxg2 39. Kxg2 a5 40. Qc8+ Kh7 41. Qb7 Qc4 42. Qf3 b4 1/2-1/2

[Event "AUT-chT2W 0708"]
[Site "Austria"]
[Date "2008.01.26"]
[Round "7.5"]
[White "Haemmerle, Gernot"]
[Black "Kleissl, Helmut"]
[Result "1/2-1/2"]
[WhiteElo "2104"]
[BlackElo "2302"]
[PlyCount "52"]
[EventDate "2007.10.06"]
[EventType "team"]
[EventRounds "11"]
[EventCountry "AUT"]
[SourceTitle "EXT 2009"]
[Source "ChessBase"]
[SourceDate "2008.11.26"]
[SourceVersion "1"]
[SourceVersionDate "2008.11.26"]
[SourceQuality "1"]
[WhiteTeam "Lustenau"]
[BlackTeam "Jenbach"]
[WhiteTeamCountry "AUT"]
[BlackTeamCountry "AUT"]

1. e4 g6 2. d4 Bg7 3. Nc3 d6 4. Bg5 Nd7 5. Qd2 c5 6. d5 a6 7. a4 Qa5 8. Ra2 Ngf6 9. f3 0-0 10. Bh6 Ne5 11. Bxg7 Kxg7 12. f4 Ned7 13. Be2 Qb4 14. Bf3 Rb8 15. Nge2 b5 16. axb5 axb5 17. 0-0 Bb7 18. Ra7 Nb6 19. Qd3 Nc8 20. Ra2 c4 21. Qd4 Kg8 22. e5 Nd7 23. Ne4 Ra8 24. Rxa8 Bxa8 25. e6 fxe6 26. dxe6 Nc5 1/2-1/2

[Event "Tirol-ch"]
[Site "Kramsach"]
[Date "2007.06.30"]
[Round "7.3"]
[White "Kupfner, Franz"]
[Black "Kleissl, Helmut"]
[Result "0-1"]
[WhiteElo "2123"]
[BlackElo "2311"]
[PlyCount "104"]
[EventDate "2007.06.24"]
[EventType "swiss"]
[EventRounds "7"]
[EventCountry "AUT"]
[SourceTitle "EXT 2024"]
[Source "ChessBase"]
[SourceDate "2023.10.10"]
[SourceVersion "1"]
[SourceVersionDate "2023.10.10"]
[SourceQuality "1"]

1. d4 g6 2. Nf3 Bg7 3. g3 d6 4. Bg2 Nd7 5. 0-0 e5 6. c4 Ne7 7. Nc3 0-0 8. d5 a5 9. e4 Nc5 10. Ne1 f5 11. exf5 gxf5 12. f4 e4 13. Be3 b6 14. Bd4 Bxd4+ 15. Qxd4 h5 16. Qd1 Ba6 17. Qxh5 Bxc4 18. Rf2 Rf7 19. Bf1 Bxf1 20. Kxf1 b5 21. Rd1 Qd7 22. Kg1 b4 23. Ne2 Rh7 24. Qg5+ Rg7 25. Qf6 Rf8 26. Qd4 Ng6 27. b3 Ne7 28. Ng2 Qb5 29. Ne3 a4 30. Nc1 Kf7 31. Rg2 Rfg8 32. Rf1 Nd7 33. bxa4 Qxa4 34. Rb2 Rb8 35. Kh1 Nf6 36. Ne2 Qa3 37. Rc1 Rb7 38. Ng1 Qd3 39. Qxd3 exd3 40. Rd1 Nexd5 41. Nxd5 Nxd5 42. Rxd3 c6 43. Nf3 Rg6 44. Rbd2 Re7 45. Rxd5 cxd5 46. Rxd5 Re2 47. Rb5 Rb2 48. Nd4 d5 49. Rxd5 Ra6 50. Rxf5+ Ke7 51. Rc5 Kd7 52. f5 Raxa2 0-1

[Event "AUT-chT 0607"]
[Site "Austria"]
[Date "2007.03.09"]
[Round "9.5"]
[White "Kleissl, Helmut"]
[Black "Karner, Christoph"]
[Result "1-0"]
[WhiteElo "2311"]
[BlackElo "2319"]
[PlyCount "73"]
[EventDate "2006.11.03"]
[EventType "team"]
[EventRounds "11"]
[EventCountry "AUT"]
[SourceTitle "EXT 2008"]
[Source "ChessBase"]
[SourceDate "2007.11.25"]
[SourceVersion "1"]
[SourceVersionDate "2007.11.25"]
[SourceQuality "1"]
[WhiteTeam "Jenbach"]
[BlackTeam "Holz Dohr"]
[WhiteTeamCountry "AUT"]
[BlackTeamCountry "AUT"]

1. Nf3 Nf6 2. c4 g6 3. Nc3 Bg7 4. e4 d6 5. d4 0-0 6. Be2 Na6 7. 0-0 e5 8. Be3 Qe8 9. dxe5 dxe5 10. h3 Nd7 11. a3 f5 12. b4 f4 13. Bc1 c6 14. c5 Qe7 15. Bb2 Nc7 16. Qb3+ Kh8 17. Nb1 Ne6 18. Rd1 b6 19. cxb6 axb6 20. Bc4 Nd4 21. Bxd4 exd4 22. Nbd2 c5 23. Bd5 Rb8 24. Rac1 Ba6 25. Re1 Nf6 26. Rb1 Qd8 27. Be6 cxb4 28. Ng5 Qc7 29. Rbc1 Qa7 30. e5 Nd7 31. Bxd7 Qxd7 32. Ne6 Rfc8 33. Rxc8+ Qxc8 34. Nxg7 Qc3 35. Qf7 Qxd2 36. Qf6 Qxe1+ 37. Kh2 1-0

[Event "AUT-chT 0607"]
[Site "Austria"]
[Date "2007.03.08"]
[Round "8.5"]
[White "Duer, Werner"]
[Black "Kleissl, Helmut"]
[Result "1/2-1/2"]
[WhiteElo "2265"]
[BlackElo "2311"]
[PlyCount "32"]
[EventDate "2006.11.03"]
[EventType "team"]
[EventRounds "11"]
[EventCountry "AUT"]
[SourceTitle "EXT 2008"]
[Source "ChessBase"]
[SourceDate "2007.11.25"]
[SourceVersion "1"]
[SourceVersionDate "2007.11.25"]
[SourceQuality "1"]
[WhiteTeam "Absam"]
[BlackTeam "Jenbach"]
[WhiteTeamCountry "AUT"]
[BlackTeamCountry "AUT"]

1. d4 d6 2. Nf3 g6 3. e4 Bg7 4. c3 Nf6 5. Bd3 0-0 6. 0-0 Nc6 7. Na3 e5 8. h3 Re8 9. Re1 h6 10. Nc2 b6 11. Bb5 Bd7 12. d5 Ne7 13. a4 a5 14. Na3 Rf8 15. Bd2 Bc8 16. b4 Nd7 1/2-1/2

[Event "EU-Cup 22nd"]
[Site "Fuegen"]
[Date "2006.10.13"]
[Round "6.6"]
[White "Fish, Gennadij"]
[Black "Kleissl, Helmut"]
[Result "1-0"]
[WhiteElo "2529"]
[BlackElo "2320"]
[PlyCount "59"]
[EventDate "2006.10.08"]
[EventType "team-swiss"]
[EventRounds "7"]
[EventCountry "AUT"]
[SourceTitle "CBM 115"]
[Source "ChessBase"]
[SourceDate "2006.11.15"]
[SourceVersion "1"]
[SourceVersionDate "2006.11.15"]
[SourceQuality "1"]
[WhiteTeam "Werder Bremen"]
[BlackTeam "Jenbach"]
[WhiteTeamCountry "GER"]
[BlackTeamCountry "AUT"]

1. d4 d6 2. Nf3 Bg4 3. e4 e6 4. Be2 Nf6 5. Nc3 Be7 6. Be3 d5 7. e5 Nfd7 8. Nd2 Bxe2 9. Nxe2 c5 10. c3 Nc6 11. 0-0 Qb6 12. b4 cxd4 13. Nxd4 Nxd4 14. Bxd4 Qc7 15. f4 0-0 16. Qe2 g6 17. g4 a5 18. a3 Ra6 19. f5 exf5 20. gxf5 gxf5 21. Rae1 axb4 22. axb4 Rg6+ 23. Kh1 Qc6 24. Rxf5 Qe6 25. Qh5 f6 26. Nf3 fxe5 27. Rxf8+ Bxf8 28. Nxe5 Bd6 29. Nf3 Qf7 30. Ng5 1-0

[Event "EU-Cup 22nd"]
[Site "Fuegen"]
[Date "2006.10.08"]
[Round "1.5"]
[White "Gudmundsson, Stefan Freyr"]
[Black "Kleissl, Helmut"]
[Result "1/2-1/2"]
[WhiteElo "2113"]
[BlackElo "2320"]
[PlyCount "53"]
[EventDate "2006.10.08"]
[EventType "team-swiss"]
[EventRounds "7"]
[EventCountry "AUT"]
[SourceTitle "CBM 115"]
[Source "ChessBase"]
[SourceDate "2006.11.15"]
[SourceVersion "1"]
[SourceVersionDate "2006.11.15"]
[SourceQuality "1"]
[WhiteTeam "Haukar"]
[BlackTeam "Jenbach"]
[WhiteTeamCountry "ISL"]
[BlackTeamCountry "AUT"]

1. e4 g6 2. Nc3 Bg7 3. g3 c5 4. Bg2 Nc6 5. d3 e6 6. Be3 Nd4 7. Nce2 d5 8. exd5 exd5 9. Bxd4 cxd4 10. Nf3 Qb6 11. 0-0 Ne7 12. Re1 0-0 13. Nf4 Qd6 14. Re2 Bd7 15. Qd2 Nf5 16. Rae1 Bh6 17. Ne5 Be6 18. h4 Rfe8 19. Ng4 Bxf4 20. Nf6+ Kh8 21. Nxe8 Bxd2 22. Nxd6 Bxe1 23. Nxf5 Bxf2+ 24. Kxf2 gxf5 25. Kf3 Kg7 26. Rf2 Rc8 27. Kf4 1/2-1/2